Lesiones del tarso (Record no. 149141)

MARC details
000 -LEADER
campo de control de longitud fija 00860nam a2200217 4500
001 - NÚMERO DE CONTROL
campo de control 149141
003 - IDENTIFICADOR DE NÚMERO DE CONTROL
campo de control ES-MaACL
005 - FECHA Y HORA DE LA ÚLTIMA TRANSACCIÓN
campo de control 20250730084014.0
007 - CAMPO FIJO DE DESCRIPCIÓN FÍSICA--INFORMACIÓN GENERAL
campo de control de longitud fija t|
008 - DATOS DE LONGITUD FIJA--INFORMACIÓN GENERAL
campo de control de longitud fija 070214s1979 sp r ||||1| spa d
111 2# - ENTRADA PRINCIPAL--NOMBRE DE CONGRESO/REUNIÓN
Nombre de congreso/reunión o jurisdicción como elemento de entrada Symposium Internacional de Traumatología (
Sede del congreso/Lugar de la reunión Madrid (
Fecha del congreso o de la firma del tratado 1978) (
Número del congreso/reunión o número de parte o sección . 5º)
9 (RLIN) 187542
245 10 - MENCIÓN DEL TÍTULO
Título Lesiones del tarso
Resto del título : astrágalo, escafoides y osteoporosis : fracturas del calcáneo /
Mención de responsabilidad, etc. V Symposium Internacional de Traumatología ; bajo la dirección de P. Guillén García.
260 ## - PUBLICACIÓN, DISTRIBUCIÓN, ETC.
Lugar de publicación, distribución, etc. [Madrid] :
Nombre del editor, distribuidor, etc. MAPFRE,
Fecha de publicación, distribución, etc. [1979] (
Fabricante Central de Artes Gráficas)
300 ## - DESCRIPCIÓN FÍSICA
Extensión XIII, 544 p. ;
Dimensiones 21 cm.
490 1# - MENCIÓN DE SERIE
Mención de serie Temas de Medicina ;
Designación de volumen o secuencia 6
700 1# - ENTRADA AGREGADA--NOMBRE PERSONAL
Nombre de persona Guillén García, P.
9 (RLIN) 187543
710 2# - ENTRADA AGREGADA--NOMBRE DE ENTIDAD CORPORATIVA
Nombre de entidad corporativa o nombre de jurisdicción como elemento de entrada Fundación MAPFRE
9 (RLIN) 4362
830 0# - PUNTO DE ACCESO ADICIONAL DE SERIE-TÍTULO UNIFORME
Título uniforme Temas de Medicina ;
Designación de volumen o secuencia 6
9 (RLIN) 187026
852 ## - LOCALIZACIÓN
Ubicación ES-MaACL
Número de control de estantería A-10625
Sublocalización o colección R.99824
Holdings
Estatus retirado Estado de pérdida Estado de daño No para préstamo Biblioteca de origen Biblioteca actual Ubicación en estantería Fecha de adquisición Fuente de adquisición Total de préstamos Signatura topográfica completa Código de barras Visto por última vez Precio de reemplazo Tipo de ítem Koha
        Biblioteca del Ateneo de Madrid Biblioteca del Ateneo de Madrid Depósito 1 17/01/2008     A-10625 1155631 23/02/2023 23/02/2023 Libro impreso